000 00216nam a22000857a 4500
008 170113b xxu||||| |||| 00| 0 eng d
100 _92407
_aAnand.A.
245 _aScience practical-X
260 _aNew Delhi
_bFull Mark
_c2011
999 _c5440
_d5440